[Event "IRI-ch U16"]
[Site "Chess.com INT"]
[Date "2021.01.16"]
[Round "5"]
[White "Eskandari, Amirali"]
[Black "Rahimi Shahmirzadi, Parsa"]
[Result "1-0"]
[WhiteElo "1331"]
[BlackElo "1486"]
[PlyCount "93"]
[EventDate "2021.01.16"]
[EventType "swiss"]
[EventRounds "11"]
[EventCountry "IRI"]
[SourceTitle "EXT 2022"]
[Source "ChessBase"]
[SourceDate "2021.10.06"]
[SourceVersion "1"]
[SourceVersionDate "2021.10.06"]
[SourceQuality "1"]

1. e4 d6 2. d4 Nf6 3. Nc3 g6 4. f4 Bg7 5. Nf3 0-0 6. Bd3 Nbd7 7. e5 dxe5 8. dxe5 Ne8 9. Be3 c6 10. 0-0 Nc7 11. Bc4 Nb6 12. Bb3 Be6 13. Bxe6 Nxe6 14. Nd4 Nxd4 15. Bxd4 Qc7 16. Qe2 Nd5 17. Rad1 Rfd8 18. Qc4 b5 19. Qe2 a6 20. Ne4 h6 21. Nc5 Kh7 22. f5 g5 23. Qe4 Kg8 24. g3 Qc8 25. Kg2 Re8 26. e6 f6 27. Qg4 Nb6 28. Ne4 Nd5 29. Qh5 c5 30. Bxc5 Qc6 31. Qf3 Rac8 32. Rxd5 g4 33. Qd3 h5 34. Rd1 Bh6 35. b4 Kg7 36. c3 Red8 37. Bxe7 Rxd5 38. Bxf6+ Kg8 39. Qxd5 Qxd5 40. Rxd5 h4 41. Rd8+ Rxd8 42. Bxd8 h3+ 43. Kf2 Bc1 44. e7 Kf7 45. Nd6+ Kf6 46. e8Q+ Kg7 47. Qf7+ 1-0

[Event "IRI-ch U16"]
[Site "Chess.com INT"]
[Date "2021.01.16"]
[Round "2"]
[White "Rahimi Shahmirzadi, Parsa"]
[Black "Ghorbani, Sina1"]
[Result "0-1"]
[WhiteElo "1486"]
[BlackElo "1850"]
[PlyCount "188"]
[EventDate "2021.01.16"]
[EventType "swiss"]
[EventRounds "11"]
[EventCountry "IRI"]
[SourceTitle "EXT 2022"]
[Source "ChessBase"]
[SourceDate "2021.10.06"]
[SourceVersion "1"]
[SourceVersionDate "2021.10.06"]
[SourceQuality "1"]

1. Nf3 d5 2. g3 Nf6 3. Bg2 g6 4. 0-0 Bg7 5. d3 0-0 6. Nbd2 c5 7. e4 dxe4 8. dxe4 Nc6 9. c3 Qc7 10. Qc2 b6 11. Re1 Bb7 12. Nc4 Rad8 13. Bf4 Qc8 14. Rad1 Nh5 15. Bc1 b5 16. Ne3 e6 17. a4 a6 18. Bf1 c4 19. Ng2 Ne5 20. Nxe5 Bxe5 21. Be3 Qc6 22. f4 Bc7 23. axb5 axb5 24. Bf2 Bb6 25. e5 Ng7 26. Bxb6 Qxb6+ 27. Qf2 Qc6 28. h3 Nf5 29. Kh2 h5 30. g4 hxg4 31. hxg4 Nh6 32. Be2 Kg7 33. Kg3 Qxg2+ 34. Qxg2 Bxg2 35. Kxg2 Ng8 36. Bf3 Ne7 37. Rd6 g5 38. Red1 Rb8 39. Be4 gxf4 40. Kf3 b4 41. R6d4 bxc3 42. bxc3 Rfc8 43. Kxf4 Rb3 44. Rd7 Ng6+ 45. Bxg6 Kxg6 46. Rc1 Rb2 47. Rd4 Rf2+ 48. Kg3 Re2 49. Kf4 Rc5 50. Re4 Rf2+ 51. Ke3 Rh2 52. Kd4 Rc8 53. Ke3 Kg5 54. Kf3 Rh3+ 55. Kg2 Rd3 56. Kf2 Rc5 57. Rc2 Rc8 58. Kg2 Kh6 59. Kf2 Kg6 60. Kg2 Kg5 61. Kf2 f5 62. exf6 Kxf6 63. Kg2 Rc5 64. Rf2+ Kg5 65. Rc2 e5 66. Kf2 Rh3 67. Kg2 Rd3 68. Kf2 Kf6 69. Kg2 Ke6 70. g5 Kf5 71. Re1 Kxg5 72. Rb1 e4 73. Rb8 Kf4 74. Kf2 Rf3+ 75. Ke2 Rh3 76. Rf8+ Rf5 77. Rxf5+ Kxf5 78. Rc1 Kf4 79. Rf1+ Rf3 80. Rc1 e3 81. Rh1 Rf2+ 82. Ke1 Ke4 83. Rh4+ Kd3 84. Rh3 Re2+ 85. Kf1 Ra2 86. Rg3 Rc2 87. Rh3 Rxc3 88. Kg2 Kd2 89. Rh1 e2 90. Kf2 Rc1 91. Rxc1 Kxc1 92. Kxe2 c3 93. Kd3 c2 94. Kc3 Kd1 0-1